000 00498cam a22001331 4500
082 _a625.7068
_bNAST
245 1 0 _aFormulating highway construction programs;
_cWorkshop Conference proceedings.
260 _aWashington,
_bDivision of Engineering and Industrial Research, National Academy of Sciences-National Research Council,
_c1961.
300 _a208 p.
_bmap., diagrs., tables.
_c25 cm.
526 _a0
_b0
_c0
_d625_706800000000000_NAST
650 0 _aMCE
_9379
650 0 _aRoads
942 _2ddc
_cBK
999 _c547427
_d547427